000 01363nam a2200289 a 4500
001 000029356
005 20250205124808.0
008 110415s2008 dr 000 0 spa d
020 _a9789945865158
040 _aDO-SdBNP
_bspa
_cBNPHU
082 _a320.404
_bL479s
100 1 _aLozano, Wilfredo
_d1950-
_97126
245 1 0 _aSeparación de poderes y sistemas de control :
_blos poderes del estado en la reforma constitucional de la República Dominicana /
_cWilfredo Lozano.
260 _aSanto Domingo :
_bFLACSO :
_bCONARE,
_c[2008].
300 _a69 p. ;
_c22 cm.
490 1 _aReforma y modernización del sistema político dominicano
_v1
500 _aA la cabeza del título: Primer desayuno-panel Facultad Latinoamericana de Ciencias Sociales (FLACSO)
504 _aIncluye referencias bibliográficas y notas al pie de las páginas
590 _aInventariado,2018/DG
650 4 _aSeparación de poderes
_zRepública Dominicana
_956228
650 4 _aDerecho constitucional
_zRepública Dominicana
_956229
650 4 _aReforma legal
_zRepública Dominicana
_956230
710 2 2 _aFacultad Latinoamericana de Ciencias Sociales
_9294
710 1 2 _aRepública Dominicana.
_bConsejo Nacional de Administración del Estado
_956231
830 0 _aReforma y modernización del sistema político dominicano
_931304
910 _aValidado. Control de calidad MFF
999 _c28848
_d28848